MDQL
is popping MORE tags! Check the
thread
!
Quizzes
Events
Quiz Creation
Community
Videos
Private Events
Remove Ads
Sign In
Join for FREE
Feedback
Dark Mode
Quiz Categories
Sports
Geography
Music
Movies
Television
Just For Fun
Miscellaneous
History
Literature
Language
Science
Gaming
Entertainment
Religion
Holiday
For Kids
Quiz Lab
Recent
Popular Today
Quiz Kudos Today
Editor Picks
Curator Picks
Quizzes by...
Day
Popularity
Type
Ratings
Length
Year
Community
Subscriptions
Recent Discussions
Orange Saloon
Badges
Playlists
Quests
Create
Leaderboards
Showdown
Live 5
Trivia Bingo
Activity
Puzzle Library
Sporcle Events
Private Events
Virtual Trivia
Globe League
Become a Host
Pub Owners
SporcleCon
Opinionation
Our Games
Videos
Blog
Mobile Apps
Partnerships
Remove Ads and Go Orange
Feedback
Sports
Athletes
MLB
NBA
NHL
NFL
Soccer
Sports Teams
WWE
NCAA
Football
Premier League
Basketball
Baseball
Hockey
Golf
Tennis
Cricket
Rugby
Auto Racing
Olympics
World Cup
Sports
Athletes
MLB
NBA
NHL
NFL
Soccer
Sports Teams
WWE
NCAA
Football
Premier League
Basketball
Baseball
Hockey
Golf
Tennis
Cricket
Rugby
Auto Racing
Olympics
World Cup
Random Quiz
Search Sporcle
×
Quiz Lab
Quiz Lab
Sports
World
Type in answers that appear in a list
Type in answers that appear in a list
Classic
Best Score? Go Orange.
ROH World Title Challengers Stats
Can you name the challengers to the ROH World Championship?
By
CygnusX1
15m
73 Questions
323 Plays
323 Plays
323 Plays
Comments
Comments
Give Quiz Kudos
Give Quiz Kudos
-
- Ratings
hide this ad
Replay
Link that replays current quiz
Next Quiz
Link to next quiz in quiz playlist
You Got
0%
They Got
Avg Score
59%
Avg Friend Score
Upgrade to see
Score Distribution
Jump to the score distribution portion of the page
Score
0/73
Timer
15:00
0
Plays Today
% Correct
Samoa Joe
95%
Christopher Daniels
94.1%
CM Punk
92.9%
Bryan Danielson
92%
Austin Aries
91.6%
Low Ki
91%
Homicide
88.2%
Jay Briscoe
87.9%
Mark Briscoe
87.9%
Jerry Lynn
87.9%
AJ Styles
87%
Roderick Strong
86.7%
Tyler Black
86.1%
Nigel McGuinness
85.8%
Xavier
84.8%
Colt Cabana
83.3%
Chris Hero
83.3%
Kevin Steen
82.7%
James Gibson
80.8%
KENTA
80.8%
Claudio Castagnoli
80.5%
El Generico
80.5%
Jimmy Jacobs
79.9%
Jimmy Rave
78.9%
Takeshi Morishima
77.1%
Alex Shelley
76.2%
Doug Williams
74.9%
BJ Whitmer
74.9%
Spanky
70.9%
Paul London
70.6%
Chris Sabin
70.3%
Petey Williams
70%
Necro Butcher
68.1%
Jay Lethal
67.8%
Delirious
67.2%
Steve Corino
66.9%
Dan Maff
64.1%
% Correct
Naomichi Marufuji
61%
Rocky Romero
59.4%
Brent Albright
59.1%
Lance Storm
56.7%
Adam Pearce
55.7%
Sonjay Dutt
52%
Erick Stevens
52%
The Zebra Kid
50.5%
Go Shiozaki
48.9%
Kenny Omega
48.3%
D'Lo Brown
46.1%
Ruckus
45.8%
Shingo
44%
Matt Stryker
43.3%
Trent Acid
39.9%
Grizzly Redwood
39%
Kamala
38.4%
Insane Dragon
36.2%
Jimmy Yang
34.4%
Ares
32.5%
Kenny King
32.5%
SUWA
32.2%
Katsuhiko Nakajima
32.2%
Larry Sweeney
31.9%
Alex Payne
31.6%
Super Crazy
29.1%
Balls Mahoney
27.2%
Vic Viper
23.5%
Ricky Marvin
22%
Steve Douglas
21.1%
Ahmed Chaer
20.7%
KAZMA
20.1%
Shinya Makabe
19.8%
Kaio
19.5%
Vordell Walker
17%
Marc Roudin
15.2%
Quiz Playlist
Details
Report
Send in Message
Add To Playlist
Classic:
Type in answers that appear in a list
Last Updated: Feb 16, 2017
Quiz Scoreboard
CHALLENGE
Sign Up to Join the Scoreboard
Show All
Scores
Hide
Comments
May contain spoilers
Recently Published
Find the 'City' Movie
by crazypaving
Movies
60s
5x2 Blitz: Bands
by SL_Kpop136
Music
30s
Colored Red Africa Blitz
by spor1
Geography
30s
More to Explore
Quiz From the Vault
Featured Blog Post
14 Easter Pick-up Lines to Find Eggs With
hide this ad
You Might Also Like...
Tags
World Quiz
Challenger
Championship
roh
Today's Top Quizzes in Sports
Browse Sports
hide this ad
Today's Top Quizzes in World
Browse World
Top Contributed Quizzes in Sports
1
Les entraîneurs de l'OM et du PSG au 21e siècle
2
Les meilleurs buteurs des matchs entre le PSG et l’OM
3
Players with Multiple 50 Home Run Seasons
4
2022 World Cup Stars
5
Les joueurs passés par le PSG et l'OM
6
NBA Logic Puzzle 2.0
7
Criteria MLB: Left Handed Sluggers
8
MLB Players with Two .350 Batting Average Seasons
9
Top 10 NHL Goal Scorers of All Time
10
Who Hit More Homers?
Explore More
Trending Topics
Marvel
Harry Potter
Anime
NBA
Disney
Crossword
Kpop
Pokémon
NFL
WWE
Soccer
Puzzle
Song
The Office
Country
hide this ad
More By:
CygnusX1
Quiz
Plays
Rating
Category
Featured
Created
The Beatles: Rock Band Songs
31,974
3.89
Gaming
Sep 24, 2009
Samoa Joe's ROH Title Defenses
595
4.50
Sports
Oct 19, 2009
ROH World Tag Team Champions
491
4.00
Sports
Sep 24, 2009
Chrono Trigger Characters
411
3.40
Gaming
Sep 24, 2009
ROH World Title Challengers
323
4.00
Sports
Nov 10, 2009
Go to Creator's Profile
Score Distribution
Quiz Creator Spotlight
CygnusX1
Follow
Send a Message
Quizzes Created
-
Created Quiz Play Count
-
More By This Creator
Popular Quizzes Today
1
Colored Red Africa Blitz
2
Find the 'City' Movie
3
Find the US States - No Outlines Minefield
4
5x2 Blitz: Bands
5
The Countries of the World
6
Find the US States
7
Find the Countries of Europe - No Outlines Minefield
8
US States
More Sports Quizzes
NBA Top 10 Players from each position 2020
Quiz Lab
Trending Quizzes
Colored Red Europe Blitz I
Colored Red Europe Blitz II
Colored Red Africa Blitz II
Colored Red Europe Blitz III
Colored Red Africa Blitz III
Recently Updated
How Do You Spell That?
pecheneg
Godzilla Movies
pecheneg
Grab Bag: 4-10 Letters
pecheneg
2024 March Madness Bracket
pecheneg
Famous TV Couples
Peacemaker
Champions League XIs: Real Madrid
pecheneg
Largest US Cities 1790-2010
pecheneg
Rides in Walt Disney World
pecheneg
Most Oscar Losses (Acting)
pecheneg
Beyoncé Albums
pecheneg
Trending Topics
Marvel
Anime
Kpop
Crossword
Harry Potter
NBA
Disney
Country
Puzzle
NFL
Pokémon
WWE
The Office
Soccer
Song
Your Account Isn't Verified!
In order to create a playlist on Sporcle, you need to verify the email address you used during registration. Go to your
Sporcle Settings
to finish the process.
Report this User
Report this user for behavior that violates our
Community Guidelines
.
Details:
Send Report
Go to the Sporcle.com Mobile Site →
Comments